History of VietNam Question and Answers (Запис № 575574)

МАРК-запис
000 -Лідер
fixed length control field 01241 a2200229 4500
003 - Ідентифікатор контрольного номера
control field UA-OsUOA
005 - Дата та час останнього входження (трансакції)
control field 20231212143403.0
008 - Елементи даних фіксованої довжини – загальна інформація
fixed length control field 231212b un ||||| |||| 00| 0 ukr d
040 ## - Джерело каталогізації
Агенція оригінальної каталогізації UA-OsUOA
Мова каталогізації eng
Агенція, яка здійснювала перезапис UA-OsUOA
Агенція, яка здійснювала модифікацію UA-OsUOA
041 ## - Код мови
Код мови тексту/ звукової доріжки чи окремого заголовка (П) eng
080 ## - Індекс Універсальної десяткової класифікації
Індекс Універсальної десяткової класифікації (УДК) (НП) 94(5)
090 ## - Локальний шифр розміщення
Класифікаційний індекс УДК 94(5)
100 ## - Основне введення – ім’я особи
Ім’я особи (НП) Quang M. L.
245 ## - Відомості про назву
Назва (НП) History of VietNam Question and Answers
Дані про відповідальність (НП) Mai Ly Quang
260 ## - Публікація, розповсюдження і т.п. (Вихідні дані)
Місце публікації, розповсюдження і т.п. (П) Vietnam
Ім’я/ наймення видавництва, розповсюджувача і т.п. (П) The Gioi
Дата публікації, розповсюдження і т.п. (П) 2018
300 ## - Фізичний опис
Обсяг 696 p.
520 ## - Резюме і т.п.
Резюме, реферат, анотація, тощо (НП) Each nation, whether big or small, has its own history. Some nations have a smooth sailing history, but a considerable number of others have a history marked by zigzags, ups and downs, and even severe storms. That Salso the case of the Vietnamese nation.<br/><br/>The history of Vietnam spreads over several thousand years and is used with numerous ups and downs. After periods of foreign invasion and rule, Vietnam won total independence and national reunification on 15 April 30, 1975, when South Việt Nam was liberated, opened a new for Vietnam to develop.
650 ## - Додаткове предметне введення – тематичний термін
Джерело заголовка чи терміна UDC
Тематичний термін чи географічна назва, як елемент введення (НП) 94 Історія загалом
942 ## - Додаткові елементи входу (Коха)
Тип елемента Koha Книги
Source of classification or shelving scheme Universal Decimal Classification
955 ## - Код типу видання за змістом
Код типу видання за змістом (НП) Навчальні видання
Фонди
Стан вилучень Стан втрат Джерело класифікації або схеми стелажів Стан уражень Не для кредиту Постійне місце розташування Поточне розміщення Дата придбання Джерело придбання Вартість, звичайна ціна покупки Повний номер виклику Штрих-код Дата останнього перегляду Вартість, ціна заміни Ціна ефективна від Тип елемента Koha Примітка, призначена для загального доступу
    Universal Decimal Classification     ВІЛ - Відділ іноземн. літератури НБ ВІЛ - Відділ іноземн. літератури НБ 12/12/2023 №42/24.11.2023 60.00 94(5) 166948 12/12/2023 60.00 12/12/2023 Книги подарував Нгуєн Г.